000
00261nam a2200109Ia 4500
008
210107s9999 xx 000 0 und d
100
_a
Burger, W
245
0
_a
Radar Observers' Handbook
260
_a
Glasgow
_b
Brown Son & Ferguson
300
_a
446
942
_c
BK
999
_c
10486
_d
10486